Fakt oder Fake? - Statistiken

Allgemein
  • Dieses Quiz wurde 159 mal gespielt
  • Das Durchschnittsergebnis liegt bei 8 aus 12
Antwortstatistiken
Frage Antwort % Korrekt
Der Pilot und der Co-Pilot essen an Bord niemals das Gleiche. So ist es unwahrscheinlicher, dass beide gleichzeitig eine Lebensmittelvergiftung bekommen. Fakt
87%
Im US-Bundestaat Maryland ist es verboten einen Löwen mit ins Kino zu nehmen. Fakt
82%
Wenn man durchgehend alle existierenden Lieder anhören würde, würde man ungefähr nach 80 Jahren jedes Lied auf der Welt gehört haben. Fake
77%
Der Rhinozeroskäfer ist das stärkste Tier der Welt: Er kann das 850-fache seines Körpergewichtes tragen Fakt
71%
Ein Blitz schlägt nie zweimal an der gleichen Stelle ein. Fake
68%
Mit einem einzigen Bleistift kann man einen ca. 56 Kilometer langen Strich zeichnen. Fakt
67%
Ein 20 Meter hoher, alter Baum produziert am Tag ungefähr so viel Sauerstoff, wie ein Mensch durchschnittlich am Tag beim Atmen verbraucht. Fake
55%
Für die US-Auflage des letzten Harry-Potter-Bandes wurden über 200.000 Bäume gefällt. Fakt
55%
Menschen benutzen nur 10 % ihres Gehirns. Fake
52%
Goldfische haben nur ein 3-Sekunden-Gedächtnis. Fake
47%
Die Azteken haben den Flummi erfunden. Fakt
47%
Der Eiffelturm ist im Sommer mehrere Meter größer, als im Winter. Fake
41%
Keine übereinstimmenden Quizze gefunden
Verteilung der Resultate
Anzahl Personen mit jedem Resultat
Perzentil nach korrekt beantworteten Fragen
Ihre Resultats-Entwicklung
Sie haben dieses Quiz noch nicht gespielt